| 000 | 01034nam a2200253 a 4500 | ||
|---|---|---|---|
| 003 | BD-DhJNU | ||
| 005 | 20251222041621.0 | ||
| 008 | 251108s2024 bg |||g |||| 000 1|ben|d | ||
| 020 | _a9844151260 | ||
| 040 |
_aBD-DhJNU _bben _cBD-DhJNU _dBD-DhJNU |
||
| 041 | _aben | ||
| 082 |
_a891.443092 SYS _223 |
||
| 100 | _aসৈয়দ, আবদুল মান্নান | ||
| 242 | 1 | 0 |
_aSyed Waliullah / _cAbdul Mannan Syed |
| 245 | 1 | 0 |
_aসৈয়দ ওয়ালীউল্লাহ্ / _cআবদুল মান্নান সৈয়দ |
| 246 | _aSyed Waliullah | ||
| 250 | _a1st ed. | ||
| 260 |
_aঢাকা : _bঅবসর প্রকাশনা সংস্থা, _c2024. |
||
| 300 |
_a১৯৬ পৃ. : _bচিত্র ; _c২১ সেমি.। |
||
| 504 | _aগ্রন্থপঞ্জিগত নির্দেশিকা ও নিঘন্ট অন্তভূক্ত | ||
| 650 | _aবাংলা কথাসাহিত্য | ||
| 650 | _aBengali fiction | ||
| 942 | _cBK | ||
| 999 |
_c2455 _d2455 |
||